All Delaware Cities on a Map - Statistics

General Stats
  • This quiz has been taken 19 times
  • The average score is 28 of 79
Answers on the Map
Answers color-coded by a green-red scale on the quiz's map according to % correct below.
 
Answer Stats
City Population % Correct
Dover 40,191
93%
Wilmington 73,176
93%
Newark 30,506
73%
Rehoboth Beach 1,257
73%
Middletown 25,686
67%
Smyrna 13,326
67%
Georgetown 8,098
60%
Seaford 8,952
60%
Bethany Beach 1,083
53%
Lewes 3,702
53%
Milford 14,079
53%
New Castle 5,715
53%
Bear 22,604
47%
Camden 4,191
47%
Delaware City 1,933
47%
Delmar 2,278
47%
Dewey Beach 405
47%
Laurel 4,395
47%
Fenwick Island 389
40%
Millsboro 7,864
40%
Milton 3,773
40%
Arden 437
33%
Ardentown 258
33%
Bethel 267
33%
Blades 1,330
33%
Bridgeville 2,909
33%
Clayton 4,511
33%
Dagsboro 988
33%
Elsmere 6,234
33%
Frankford 905
33%
Glasgow 16,095
33%
Greenwood 1,123
33%
Harrington 3,934
33%
Hockessin 13,608
33%
Houston 404
33%
Newport 909
33%
Ocean View 3,023
33%
Odessa 366
33%
Selbyville 3,285
33%
Slaughter Beach 247
33%
South Bethany 520
33%
St. Georges 1,564
33%
Townsend 2,941
33%
Ardencroft 234
27%
Bowers 285
27%
Brookside 15,262
27%
Cheswold 2,537
27%
Claymont 9,543
27%
Felton 1,375
27%
Frederica 1,131
27%
Greenville 3,100
27%
Hartly 78
27%
Kenton 223
27%
Leipsic 187
27%
Little Creek 203
27%
Long Neck 2,372
27%
Magnolia 289
27%
North Star 8,178
27%
Pike Creek 7,185
27%
Viola 145
27%
Wilmington Manor 8,030
27%
Wyoming 1,871
27%
Bellefonte 1,249
20%
Dover Base Housing 3,026
20%
Edgemoor 6,671
20%
Ellendale 556
20%
Farmington 100
20%
Henlopen Acres 158
20%
Highland Acres 3,661
20%
Kent Acres 2,540
20%
Lincoln 1,639
20%
Millville 2,108
20%
Port Penn 477
20%
Rising Sun-Lebanon 4,195
20%
Rodney Village 1,318
20%
Woodside 198
20%
Woodside East 1,680
20%
Pike Creek Valley 11,992
13%
Riverview 2,412
13%
No matching quizzes found
Score Distribution
Percent of People with Each Score
Percentile by Number Answered
Your Score History
You have not taken this quiz